Kábelgyári vöröskeresztesek

Elmentve itt :
Bibliográfiai részletek
Szerző: Chikán Ágnes
Dokumentumtípus: Cikk
Megjelent: 1979-12-01
Sorozat:Délmagyarország 69 No. 281
Kulcsszavak:Kábelgyár
Online Access:http://dmarchiv.bibl.u-szeged.hu/107153
LEADER 00449nab a2200157 i 4500
001 delm107153
005 20190521092649.0
008 190521s1979 hu o 0|| hun d
040 |a SZTE Délmagyarország Archívum  |b hun 
041 |a hun 
100 1 |a Chikán Ágnes 
245 1 0 |a Kábelgyári vöröskeresztesek  |h [elektronikus dokumentum] /  |c  Chikán Ágnes 
260 |c 1979-12-01 
300 |a 5 
490 0 |a Délmagyarország  |v 69 No. 281 
695 |a Kábelgyár